| 000 | 00652nam a2200205Ia 4500 | ||
|---|---|---|---|
| 005 | 20260511200433.0 | ||
| 008 | 260511s9999 xx 000 0 und d | ||
| 020 | _a0262516152 (paperback) 9780262516150 (paperback) | ||
| 100 | _aSaliba, George. | ||
| 245 | 0 | _aIslamic science and the making of the european renaissance | |
| 260 |
_bThe MIT Press, _aLondon _c2007. |
||
| 300 | _axi; 341 p. | ||
| 490 | _aTransformations: studies in the history of science and technology. | ||
| 650 | _aComputer Science | ||
| 650 | _aCreative Technology | ||
| 650 | _aCybersecurity | ||
| 650 | _aGames Development | ||
| 650 | _aSoftware Engineering | ||
| 942 | _cBK | ||
| 999 |
_c4666 _d4666 |
||